| 000 | 00849nam a22002537a 4500 | ||
|---|---|---|---|
| 003 | UA-OsUOA | ||
| 001 | 103028 | ||
| 007 | ta | ||
| 008 | 20131014b un ||||| |||| 00| 0 ukr d | ||
| 100 | _aКороткий В. | ||
| 700 | _aБіленький С. | ||
| 090 |
_a929:94(477) _bК68 |
||
| 942 | _cBK | ||
| 040 |
_aUA-OsUOA _bukr _cUA-OsUOA _dUA-OsUOA |
||
| 245 |
_aМихайло Максимович та освітні практики на Правобережній Україні в першій половині ХІХ століття _bмонографія |
||
| 300 | _a388 с. | ||
| 955 | _a1 | ||
| 041 | _aukr | ||
| 080 | _a929:94(477) | ||
| 020 | _a996-594-119-4 | ||
| 260 |
_aК. _bКиївський університет _c1999 |
||
| 650 | 7 |
_a9 Географія. Біографії. Історія _2UDC |
|
| 999 |
_c389250 _d389250 |
||